00767 2200181 4500001002100000005001700021008004100038035002500079082001400104090002100118110003300139245026100172260002700433300002100460650007500481850001400556999001500570YOGYA-0209000004418720140701201619.0 ind  a0010-020900000044187 a352.12068 a352.12068bInd B aINDONESIA. [Peraturan, dsb.] aBuku peraturan pemerintah Republik Indonesia no. 5 tahun 1975 tentang pengurusan, pertanggung jawaban dan pengawasan keuangan daerah dan peraturan pemerintah Republik Indonesia no. 6 tahun 1975 tentang cara penyusunan anggaran pendapatan dan belanja daerah a[s.l.]b[s.n.]c[s.a.] a14 lembarc32 cm aAnggaran Pendapatan dan Belanja Daerah - Undang-undang, Peraturan, dsb aYOPDYOG B a07A0026750